Haga que sus alumnos escriban mejor
Enregistré dans:
| Auteurs principaux: | , |
|---|---|
| Format: | Livre |
| Langue: | espagnol |
| Publié: |
Ciudad de México
UTEHA
1968
|
| Collection: | Manual UTEHA Breve, Sección 17, 387
|
| Sujets: | |
| Tags: |
Ajouter un tag
Pas de tags, Soyez le premier à ajouter un tag!
|
MARC
| LEADER | 00000nam a2200000 a 4500 | ||
|---|---|---|---|
| 001 | UCU0052 | ||
| 003 | CL-VaPUC | ||
| 008 | 960315e19680000MX |||||||||||||||||spa|d | ||
| 082 | 0 | 4 | |a 372.634 |b CER |2 21 |
| 100 | 0 | |a Certner, Simón |e author |9 355009 | |
| 700 | 0 | |a Bromberg, Murray |e author |9 355010 | |
| 245 | 1 | 0 | |a Haga que sus alumnos escriban mejor |
| 300 | |a 119 p | ||
| 942 | |c BK | ||
| 945 | |d 19960315 00:00:00 |a cmena | ||
| 260 | |a Ciudad de México |b UTEHA |c 1968 | ||
| 650 | 0 | |a Escritura |9 264941 | |
| 650 | 0 | |a Enseñanza de la escritura |9 307377 | |
| 650 | 7 | |a ESCRITURA MANUSCRITA |2 CL-VaPUC |9 336432 | |
| 650 | 7 | |a CALIGRAFIA |2 CL-VaPUC |9 355011 | |
| 650 | 0 | |a Métodos de enseñanza |9 270413 | |
| 583 | |a last modification |c 19960315 00:00:00 |k Rodrigo Vera | ||
| 490 | 0 | |a Manual UTEHA Breve, Sección 17, 387 | |
| 999 | |c 245002 |d 245000 | ||
| 952 | |0 0 |1 0 |4 0 |6 372_634000000000000_CER_1968 |7 0 |8 P |9 259328 |a BIBEDU |b BIBEDU |c BIBEDU_PB |d 2019-11-19 |i 1633120 |o 372.634 CER 1968 |p 1633120 |r 2024-01-25 |w 2019-11-19 |y BK |k EDU | ||